NLSUI OPAC header image

Law of succession : In accordence with the civil code in force in Goa, Daman and Diu (Record no. 11566)

MARC details
000 -LEADER
fixed length control field 00475nam a2200157Ia 4500
008 - FIXED-LENGTH DATA ELEMENTS--GENERAL INFORMATION
fixed length control field 160316s1997 xxu||||| |||| 00| 0 eng d
082 ## - DEWEY DECIMAL CLASSIFICATION NUMBER
Classification number 346.052000
Item number COS
100 ## - MAIN ENTRY--PERSONAL NAME
Personal name Costa Mario Bruta
245 ## - TITLE STATEMENT
Title Law of succession : In accordence with the civil code in force in Goa, Daman and Diu
250 ## - EDITION STATEMENT
Edition statement
260 ## - PUBLICATION, DISTRIBUTION, ETC.
Place of publication, distribution, etc. Goa
Name of publisher, distributor, etc. Belcris Association
Date of publication, distribution, etc. 1997
300 ## - PHYSICAL DESCRIPTION
Extent 349p
Other physical details
Dimensions
365 ## - TRADE PRICE
Price amount Rs.380/-
650 ## - SUBJECT ADDED ENTRY--TOPICAL TERM
Topical term or geographic name entry element 1. Resource Law - Succession - Goa - Daman - Diu
700 ## - ADDED ENTRY--PERSONAL NAME
Personal name
--
Holdings
Withdrawn status Lost status Damaged status Not for loan Home library Current library Shelving location Date acquired Cost, normal purchase price Total Checkouts Full call number Barcode Date last seen Price effective from Koha item type
        . . Library Compactors 30.05.2017 380.00   346.052 COS 11866 30.05.2017 30.05.2017 BOOKs